000 01480nam a22002537a 4500
003 SEM
005 20230803160336.0
008 230803b1988 ru ||||gr||||||01|0 rus|d
040 _aSEM
_cSEM
041 _arus
080 _a930.27(47.925)/М-91
100 _aМурадян, Паруйр Мамбреевич
245 _aАрмянская эпиграфика Грузии :
_bТбилиси /
_cП. Мурадян; Ред.: М. Асратян; Главное управление по охране и использованию памятников истории и культуры при совете Министров Армянской ССР; АН АССР, Институт востоковедения
246 _aՎրաստանի հայերեն արձանագրությունները ։
_bԹբիլիսի /
260 _aЕреван :
_bизд. АН ССР,
_c1988.
300 _a137 с. ;
_bXVI табл.;
_c25 см
504 _aБибл.: с. 121-126 Указ.: с. 127-136
650 _aАрмянская эпиграфика
653 _aՍԷՄ
700 _aАсратян М. М.
_4ред.
710 _aГлавное управление по охране и использованию памятников истории и культуры при совете Министров Армянской ССР
710 _aАкадемия наук Армянской ССР,
_bИнститут востоковедения
942 _2udc
_cBK
999 _c57859
_d57859